000 00895cam a22002415a 4500
001 E150878
008 100909s2010 xxkad f 000 0 eng d
020 _a9781907196102
035 _a(Sirsi) u150878
041 0 _aeng
050 0 4 _a690.24 $2 18
110 2 _aBuilding Cost Information Service
_91096
245 0 0 _aOccupancy costs of police stations
260 _aLondon
_bBCIS
_c2010
300 _a88p.
_c30cm.
490 0 _aBCIS Special Report
_vAugust 2010
520 _aProvides current occupancy benchmarks for two police stations and shows the projected annual occupancy costs for the schemes. Includes projected annual expenditure charts and detailed estimates for individual elemnts and components.
521 _aAdvanced
651 4 _aUnited Kingdom
_y
690 _aBUILT ENVIRONMENT-BUILDING COSTS
690 _aPROPERTY-PROPERTY MANAGEMENT-OCCUPANCY COSTS
942 _n0
999 _c111005
_d111005